El hombre que no quería ser padre / (Registro nro. 33097)

Detalles MARC
000 -CABECERA
Longitud fija campo de control 00999nam a2200289 a 4500
003 - • IDENTIFICADOR DELl NÚMERO DE CONTROL
Identificador del número de control CO-ViMGA
008 - • CÓDIGOS DE INFORMACIÓN DE LONGITUD FIJA
Códigos de información de longitud fija 141112s2004 ck r 000 u spa d
020 ## - • NÚMERO INTERNACIONAL NORMALIZADO PARA LIBROS
Número Internacional Normalizado para Libros (ISBN) 9789584235541
040 ## - FUENTE DE LA CATALOGACIÓN
Centro catalogador de origen CO-ViMGA
Lengua de catalogación spa
Centro transcriptor CO-ViMGA
082 04 - • NÚMERO DE LA CLASIFICACIÓN DECIMAL DEWEY
Número de clasificación (R) 070.44 B94h
100 1# - • PUNTO DE ACCESO PRINCIPAL-NOMBRE DE PERSONA
Nombre de persona Buitrago Londoño, Alfonso
245 10 - • TITULO PROPIAMENTE DICHO
Título El hombre que no quería ser padre /
Mención de responsabilidad, etc. Alfonso Buitrago Londoño
250 ## - • MENCIÓN DE EDICIÓN
Mención de edición 1a. ed.
300 ## - • DESCRIPCIÓN FÍSICA
Extensión 262 p. ; 24 cm
490 ## - • MENCIÓN DE SERIE
Mención de serie Autores Españoles e IberoAméricanos
500 ## - • NOTA GENERAL
Nota general Contiene datos biográficos del autor
505 ## - • NOTA DE CONTENIDO CON FORMATO
Nota de contenido con formato Beca de Creación en Periodismo Narrativo Medellín, 2012.
650 14 - • PUNTO DE ACCESO ADICIONAL DE MATERIA - TÉRMINO DE MATERIA
Término de materia o nombre geográfico como elemento inicial Autobiografías
650 14 - • PUNTO DE ACCESO ADICIONAL DE MATERIA - TÉRMINO DE MATERIA
Término de materia o nombre geográfico como elemento inicial Crónicas colombianas
650 14 - • PUNTO DE ACCESO ADICIONAL DE MATERIA - TÉRMINO DE MATERIA
Término de materia o nombre geográfico como elemento inicial Reportajes colombianos - Siglo XXI
917 ## -
-- 2014 - 3338 2 ejemplares
942 ## - ENTRADA DE ELEMENTOS AGREGADOS (KOHA)
Fuente de clasificaión o esquema Dewey Decimal Classification
Koha [por defecto] tipo de item LIbro
990 ## - EQUIVALENCIA O SECCIÓN-REFERENCIA [LOCAL, CANADA]
Enlace de información para campos 9XX 2014 - 3338 Grupo Planeta 2 ejemplares 21 25/03/2014 a917498 19/03/2014 17/03/2014
Existencias
Perdido Fuente de clasificación o esquema Estado Físico No para préstamo Forma de adquisición Localización permanente Localización actual Fecha adquisición Serie de enumeración / cronolog&íacute;a Préstamos totales Signatura completa Código de barras Fecha última consulta Fecha último préstamo Número de copia Fecha del precio de reemplazo Tipo de item de Koha
  Dewey Decimal Classification     Sala General Segundo Piso Biblioteca Pública Germán Arciniegas - Villavicencio Biblioteca Pública Germán Arciniegas - Villavicencio 12/04/2015 20/may/2014 1 070.44 B94h 26718 03/22/2018 03/15/2018 Ej. 1 12/04/2015 LIbro









Instituto Departamental de Cultura del Meta - Red Departamental de Bibliotecas Públicas del Meta.